Loading...
| History - European | 0 | 2 | 1 | 1 | 15 | 63 | 75.00 | 0 | 0 | 7.82 | 11.01 |
| Social Science | 0 | 2 | 1 | 0 | 15 | 97 | 100.00 | 0 | 1 | 3.23 | 6.06 |
| Science - Physics | 0 | 1 | 0 | 0 | 10 | 71 | 71.00 | 0 | 0 | 15.58 | 33.16 |
| Religion | 0 | 1 | 0 | 0 | 10 | 78 | 78.00 | 0 | 0 | 4.02 | 17.72 |
| History - World | 0 | 1 | 0 | 1 | 10 | 136 | 136.00 | 0 | 0 | 3.93 | 9.67 |
| Philosophy | 0 | 1 | 1 | 0 | 5 | 82 | 82.00 | 0 | 0 | 0.00 | 0.00 |
| Mythology | 0 | 0 | 0 | 0 | 0 | 0.00 | 0 | 0 | 0.00 | 1.52 | |
| History - American | 0 | 0 | 0 | 0 | 0 | 0.00 | 0 | 0 | 0.00 | 0.00 | |
| Literature - American | 0 | 0 | 0 | 0 | 0 | 0.00 | 0 | 0 | 0.00 | 1.52 | |
| Science - Other | 0 | 1 | 2 | 0 | 0 | 74 | 74.00 | 0 | 1 | 8.13 | 23.43 |
| Fine Arts - Classical Music | 0 | 0 | 1 | 0 | -5 | 0.00 | 0 | 0 | 3.98 | 8.33 | |
| Fine Arts - Painting and Sculpture | 0 | 0 | 1 | 0 | -5 | 0.00 | 0 | 0 | 0.00 | 0.00 |